<?xml version="1.0" encoding="UTF-8"?>
<collection xmlns="http://www.loc.gov/MARC21/slim">
 <record>
  <leader>05715cam a2200829   4500</leader>
  <controlfield tag="001">640080618</controlfield>
  <controlfield tag="003">DE-627</controlfield>
  <controlfield tag="005">20241218134150.0</controlfield>
  <controlfield tag="007">tu</controlfield>
  <controlfield tag="008">101117s2011    gw ||||| cc   00| ||ger c</controlfield>
  <datafield tag="015" ind1=" " ind2=" ">
   <subfield code="a">10,N46</subfield>
   <subfield code="2">dnb</subfield>
  </datafield>
  <datafield tag="015" ind1=" " ind2=" ">
   <subfield code="a">10,N46</subfield>
   <subfield code="2">dnb</subfield>
  </datafield>
  <datafield tag="016" ind1="7" ind2=" ">
   <subfield code="a">1008262641</subfield>
   <subfield code="2">DE-101</subfield>
  </datafield>
  <datafield tag="020" ind1=" " ind2=" ">
   <subfield code="a">9783777434216</subfield>
   <subfield code="c">Pb. : ca. EUR 34.90 (DE), ca. EUR 35.90 (AT) (freier Pr.), ca. sfr 49.90 (freier Pr.)</subfield>
   <subfield code="9">978-3-7774-3421-6</subfield>
  </datafield>
  <datafield tag="024" ind1="3" ind2=" ">
   <subfield code="a">9783777434216</subfield>
  </datafield>
  <datafield tag="035" ind1=" " ind2=" ">
   <subfield code="a">(DE-627)640080618</subfield>
  </datafield>
  <datafield tag="035" ind1=" " ind2=" ">
   <subfield code="a">(DE-576)337107831</subfield>
  </datafield>
  <datafield tag="035" ind1=" " ind2=" ">
   <subfield code="a">(DE-599)DNB1008262641</subfield>
  </datafield>
  <datafield tag="035" ind1=" " ind2=" ">
   <subfield code="a">(OCoLC)707097917</subfield>
  </datafield>
  <datafield tag="035" ind1=" " ind2=" ">
   <subfield code="a">(OCoLC)707097917</subfield>
  </datafield>
  <datafield tag="040" ind1=" " ind2=" ">
   <subfield code="a">DE-627</subfield>
   <subfield code="b">ger</subfield>
   <subfield code="c">DE-627</subfield>
   <subfield code="e">rakwb</subfield>
  </datafield>
  <datafield tag="041" ind1=" " ind2=" ">
   <subfield code="a">ger</subfield>
  </datafield>
  <datafield tag="044" ind1=" " ind2=" ">
   <subfield code="c">XA-DE-BY</subfield>
  </datafield>
  <datafield tag="082" ind1="0" ind2=" ">
   <subfield code="a">700</subfield>
   <subfield code="q">BSZ</subfield>
  </datafield>
  <datafield tag="082" ind1="0" ind2=" ">
   <subfield code="a">759.4</subfield>
   <subfield code="2">22/ger</subfield>
  </datafield>
  <datafield tag="082" ind1="0" ind2="4">
   <subfield code="a">750</subfield>
   <subfield code="q">DNB</subfield>
  </datafield>
  <datafield tag="084" ind1=" " ind2=" ">
   <subfield code="a">KU 805 COR</subfield>
   <subfield code="2">sfb</subfield>
  </datafield>
  <datafield tag="084" ind1=" " ind2=" ">
   <subfield code="a">9,10</subfield>
   <subfield code="2">ssgn</subfield>
  </datafield>
  <datafield tag="084" ind1=" " ind2=" ">
   <subfield code="a">LI 23620</subfield>
   <subfield code="q">BVB</subfield>
   <subfield code="2">rvk</subfield>
   <subfield code="0">(DE-625)rvk/95794:</subfield>
  </datafield>
  <datafield tag="084" ind1=" " ind2=" ">
   <subfield code="a">20.31</subfield>
   <subfield code="2">bkl</subfield>
  </datafield>
  <datafield tag="084" ind1=" " ind2=" ">
   <subfield code="a">21.02</subfield>
   <subfield code="2">bkl</subfield>
  </datafield>
  <datafield tag="245" ind1="1" ind2="0">
   <subfield code="a">Corot</subfield>
   <subfield code="b">l'armoire secrète : eine Lesende im Kontext ; [... erscheint zur Ausstellung &quot;Corot - L'Armoire Secrète. Eine Lesende im Kontext&quot;, Sammlung Oskar Reinhart &quot;Am Römerholz&quot;, Winterthur, 4. Februar bis 15. Mai 2011]</subfield>
   <subfield code="c">hrsg. von Mariantonia Reinhard-Felice</subfield>
  </datafield>
  <datafield tag="264" ind1=" " ind2="1">
   <subfield code="a">München</subfield>
   <subfield code="b">Hirmer</subfield>
   <subfield code="c">2011</subfield>
  </datafield>
  <datafield tag="300" ind1=" " ind2=" ">
   <subfield code="a">174 S.</subfield>
   <subfield code="b">zahlr. Ill.</subfield>
   <subfield code="c">28 cm</subfield>
  </datafield>
  <datafield tag="336" ind1=" " ind2=" ">
   <subfield code="a">Text</subfield>
   <subfield code="b">txt</subfield>
   <subfield code="2">rdacontent</subfield>
  </datafield>
  <datafield tag="336" ind1=" " ind2=" ">
   <subfield code="a">unbewegtes Bild</subfield>
   <subfield code="b">sti</subfield>
   <subfield code="2">rdacontent</subfield>
  </datafield>
  <datafield tag="337" ind1=" " ind2=" ">
   <subfield code="a">ohne Hilfsmittel zu benutzen</subfield>
   <subfield code="b">n</subfield>
   <subfield code="2">rdamedia</subfield>
  </datafield>
  <datafield tag="338" ind1=" " ind2=" ">
   <subfield code="a">Band</subfield>
   <subfield code="b">nc</subfield>
   <subfield code="2">rdacarrier</subfield>
  </datafield>
  <datafield tag="520" ind1=" " ind2=" ">
   <subfield code="a">Trotz ihrer beträchtlichen Anzahl wurden Camille Corots (1796-1875) Figurenbilder in der Kritik seiner Zeit wegen ihrer geringen Bekanntheit als &quot;Geheimschrank&quot; (armoire secrète) bezeichnet. Als Motiv wählte er häufig junge lesende Mädchen in malerischen Kostümen. Diese Gemälde und Zeichnungen bilden den Kern im Katalog zur Ausstellung in Winterthur (bis 15.05.), anhand dessen seine keineswegs geradlinige künstlerische Entwicklung und der Einfluss der Künstlerkollegen anschaulich werden. Anders als im Bildband &quot;Sehnsucht Italien&quot; (ID-G 27/04) diagnostizieren die Autoren der reich illustrierten Essays hier, Corot entziehe sich einer kunsthistorischen Kategorisierung und versuchen eine Neubewertung seiner Bedeutung als Figuren- und Landschaftsmaler. Dazu zeigt der Tafelteil in guter Bildqualität und einzeln ausführlich kommentiert etwa 30 Werke.  Kein Vergleichstitel, darum unverzichtbar im ausgebauten Kunstbestand. (3)</subfield>
  </datafield>
  <datafield tag="583" ind1="1" ind2=" ">
   <subfield code="a">Archivierung/Langzeitarchivierung gewährleistet</subfield>
   <subfield code="f">SSG</subfield>
   <subfield code="x">XA-DE-BW</subfield>
   <subfield code="2">pdager</subfield>
   <subfield code="5">DE-16</subfield>
  </datafield>
  <datafield tag="653" ind1=" " ind2=" ">
   <subfield code="a">Book</subfield>
  </datafield>
  <datafield tag="655" ind1=" " ind2="7">
   <subfield code="a">Ausstellungskatalog</subfield>
   <subfield code="y">2011</subfield>
   <subfield code="z">Winterthur</subfield>
   <subfield code="0">(DE-588)4135467-9</subfield>
   <subfield code="0">(DE-627)10566491X</subfield>
   <subfield code="0">(DE-576)209660988</subfield>
   <subfield code="2">gnd-content</subfield>
  </datafield>
  <datafield tag="655" ind1=" " ind2="7">
   <subfield code="a">Ausstellungskatalog</subfield>
   <subfield code="0">(DE-588)4135467-9</subfield>
   <subfield code="0">(DE-627)10566491X</subfield>
   <subfield code="0">(DE-576)209660988</subfield>
   <subfield code="2">gnd-content</subfield>
  </datafield>
  <datafield tag="689" ind1="0" ind2="0">
   <subfield code="d">u</subfield>
   <subfield code="0">(DE-588)7737820-9</subfield>
   <subfield code="0">(DE-627)653860560</subfield>
   <subfield code="0">(DE-576)338429115</subfield>
   <subfield code="a">Corot, Jean-Baptiste-Camille</subfield>
   <subfield code="d">1796-1875</subfield>
   <subfield code="t">La petite liseuse</subfield>
   <subfield code="2">gnd</subfield>
  </datafield>
  <datafield tag="689" ind1="0" ind2=" ">
   <subfield code="5">(DE-627)</subfield>
  </datafield>
  <datafield tag="689" ind1="1" ind2="0">
   <subfield code="d">b</subfield>
   <subfield code="0">(DE-588)2073889-4</subfield>
   <subfield code="0">(DE-627)103831266</subfield>
   <subfield code="0">(DE-576)192180770</subfield>
   <subfield code="a">Sammlung Oskar Reinhart &quot;Am Römerholz&quot;</subfield>
   <subfield code="2">gnd</subfield>
  </datafield>
  <datafield tag="689" ind1="1" ind2="1">
   <subfield code="d">p</subfield>
   <subfield code="0">(DE-588)118522256</subfield>
   <subfield code="0">(DE-627)079323952</subfield>
   <subfield code="0">(DE-576)160625084</subfield>
   <subfield code="a">Corot, Jean-Baptiste-Camille</subfield>
   <subfield code="d">1796-1875</subfield>
   <subfield code="2">gnd</subfield>
  </datafield>
  <datafield tag="689" ind1="1" ind2="2">
   <subfield code="d">s</subfield>
   <subfield code="0">(DE-588)4037220-0</subfield>
   <subfield code="0">(DE-627)10623871X</subfield>
   <subfield code="0">(DE-576)209022892</subfield>
   <subfield code="a">Malerei</subfield>
   <subfield code="2">gnd</subfield>
  </datafield>
  <datafield tag="689" ind1="1" ind2=" ">
   <subfield code="5">(DE-627)</subfield>
  </datafield>
  <datafield tag="700" ind1="1" ind2=" ">
   <subfield code="a">Corot, Jean-Baptiste-Camille</subfield>
   <subfield code="d">1796-1875</subfield>
   <subfield code="e">Ill.</subfield>
   <subfield code="0">(DE-588)118522256</subfield>
   <subfield code="0">(DE-627)079323952</subfield>
   <subfield code="0">(DE-576)160625084</subfield>
   <subfield code="4">ill</subfield>
  </datafield>
  <datafield tag="700" ind1="1" ind2=" ">
   <subfield code="a">Reinhard-Felice, Mariantonia</subfield>
   <subfield code="d">1952-</subfield>
   <subfield code="e">Hrsg.</subfield>
   <subfield code="0">(DE-588)115067310</subfield>
   <subfield code="0">(DE-627)557856590</subfield>
   <subfield code="0">(DE-576)173920632</subfield>
   <subfield code="4">edt</subfield>
  </datafield>
  <datafield tag="710" ind1="2" ind2=" ">
   <subfield code="a">Sammlung Oskar Reinhart &quot;Am Römerholz&quot;</subfield>
   <subfield code="0">(DE-588)2073889-4</subfield>
   <subfield code="0">(DE-627)103831266</subfield>
   <subfield code="0">(DE-576)192180770</subfield>
   <subfield code="4">oth</subfield>
  </datafield>
  <datafield tag="710" ind1="2" ind2=" ">
   <subfield code="a">Schweiz</subfield>
   <subfield code="b">Bundesamt für Bauten und Logistik</subfield>
   <subfield code="0">(DE-588)10024980-2</subfield>
   <subfield code="0">(DE-627)332336115</subfield>
   <subfield code="0">(DE-576)198543492</subfield>
   <subfield code="4">oth</subfield>
  </datafield>
  <datafield tag="711" ind1="2" ind2=" ">
   <subfield code="a">Ausstellung Corot. L'Armoire Secrète. Eine Lesende im Kontext</subfield>
   <subfield code="d">2011</subfield>
   <subfield code="c">Winterthur</subfield>
   <subfield code="0">(DE-588)16100490-8</subfield>
   <subfield code="0">(DE-627)646233548</subfield>
   <subfield code="0">(DE-576)33739864X</subfield>
   <subfield code="4">oth</subfield>
  </datafield>
  <datafield tag="776" ind1="0" ind2="8">
   <subfield code="i">Engl. Ausg. u.d.T.</subfield>
   <subfield code="t">The secret armoire</subfield>
   <subfield code="b">Engl. rev. and enhanced ed.</subfield>
   <subfield code="d">Munich : Hirmer, 2011</subfield>
   <subfield code="h">182 S.</subfield>
   <subfield code="w">(DE-627)643832408</subfield>
   <subfield code="w">(DE-576)355777983</subfield>
   <subfield code="z">9783777438412</subfield>
   <subfield code="z">9783777434216</subfield>
  </datafield>
  <datafield tag="787" ind1="0" ind2="8">
   <subfield code="i">Rezensiert in</subfield>
   <subfield code="a">Putz, Nele, 1984 - </subfield>
   <subfield code="t">[Rezension von: Mariantonia Reinhard-Felice / Bundesamt für Kultur (Hrsg.), Corot - L'Armoire secrète. Eine Lesende im Kontext. Katalog zur Ausstellung Winterthur, Sammlung Oskar Reinhart 'Am Römerholz']</subfield>
   <subfield code="d">2011</subfield>
   <subfield code="w">(DE-627)1806558289</subfield>
  </datafield>
  <datafield tag="787" ind1="0" ind2="8">
   <subfield code="i">Rezensiert in</subfield>
   <subfield code="a">Peselmann, Veronica</subfield>
   <subfield code="t">Corot als Figurenmaler</subfield>
   <subfield code="d">2011</subfield>
   <subfield code="w">(DE-627)1912941457</subfield>
  </datafield>
  <datafield tag="856" ind1="4" ind2="2">
   <subfield code="u">http://www.gbv.de/dms/weimar/toc/640080618_toc.pdf</subfield>
   <subfield code="m">V:DE-601</subfield>
   <subfield code="m">B:DE-Wim2</subfield>
   <subfield code="q">pdf/application</subfield>
   <subfield code="x">Verlag</subfield>
   <subfield code="y">Inhaltsverzeichnis</subfield>
   <subfield code="3">Inhaltsverzeichnis</subfield>
  </datafield>
  <datafield tag="856" ind1="4" ind2="2">
   <subfield code="u">http://deposit.dnb.de/cgi-bin/dokserv?id=3563972&amp;prov=M&amp;dok_var=1&amp;dok_ext=htm</subfield>
   <subfield code="m">X:MVB</subfield>
   <subfield code="q">text/html</subfield>
   <subfield code="x">Verlag</subfield>
   <subfield code="3">Inhaltstext</subfield>
  </datafield>
  <datafield tag="856" ind1="4" ind2="2">
   <subfield code="u">https://swbplus.bsz-bw.de/bsz337107831rez.htm</subfield>
   <subfield code="m">B:DE-576;DE-16</subfield>
   <subfield code="q">application/pdf</subfield>
   <subfield code="v">20111026132954</subfield>
   <subfield code="x">Verlag</subfield>
   <subfield code="3">Rezension</subfield>
  </datafield>
  <datafield tag="856" ind1="4" ind2="2">
   <subfield code="u">http://www.sehepunkte.de/2011/10/19657.html</subfield>
   <subfield code="m">V:DE-576;X:Sehepunkte</subfield>
   <subfield code="q">text/html</subfield>
   <subfield code="v">20180413100624</subfield>
   <subfield code="3">Rezension</subfield>
  </datafield>
  <datafield tag="935" ind1=" " ind2=" ">
   <subfield code="i">Blocktest</subfield>
  </datafield>
  <datafield tag="936" ind1="r" ind2="v">
   <subfield code="a">LI 23620</subfield>
   <subfield code="b">Corot, Camille</subfield>
   <subfield code="k">Kunstgeschichte</subfield>
   <subfield code="k">Künstler-Monografien</subfield>
   <subfield code="k">Alphabetische Künstlerliste</subfield>
   <subfield code="k">Künstler C</subfield>
   <subfield code="k">Corot, Camille</subfield>
   <subfield code="0">(DE-627)127156114X</subfield>
   <subfield code="0">(DE-625)rvk/95794:</subfield>
   <subfield code="0">(DE-576)20156114X</subfield>
  </datafield>
  <datafield tag="936" ind1="b" ind2="k">
   <subfield code="a">20.31</subfield>
   <subfield code="j">Bildende Künstler</subfield>
   <subfield code="0">(DE-627)181571080</subfield>
  </datafield>
  <datafield tag="936" ind1="b" ind2="k">
   <subfield code="a">21.02</subfield>
   <subfield code="j">Geschichte der Malerei</subfield>
   <subfield code="0">(DE-627)106406698</subfield>
  </datafield>
  <datafield tag="951" ind1=" " ind2=" ">
   <subfield code="a">BO</subfield>
  </datafield>
  <datafield tag="990" ind1=" " ind2=" ">
   <subfield code="a">Corot, Jean-Baptiste-Camille / La petite liseuse</subfield>
  </datafield>
  <datafield tag="990" ind1=" " ind2=" ">
   <subfield code="a">Sammlung Oskar Reinhart &quot;Am Römerholz&quot;</subfield>
  </datafield>
  <datafield tag="990" ind1=" " ind2=" ">
   <subfield code="a">Corot, Jean-Baptiste-Camille</subfield>
  </datafield>
  <datafield tag="990" ind1=" " ind2=" ">
   <subfield code="a">Malerei</subfield>
  </datafield>
  <datafield tag="991" ind1=" " ind2=" ">
   <subfield code="a">Rezensiertes Werk</subfield>
  </datafield>
  <datafield tag="999" ind1=" " ind2=" ">
   <subfield code="a">KXP-PPN640080618</subfield>
   <subfield code="e">4156911314</subfield>
  </datafield>
 </record>
</collection>
